000 00281nam a22001337a 4500
008 170313b xxu||||| |||| 00| 0 eng d
020 _a2900070121996
041 _aeng
080 _25 ED
_a591
100 _a7
101 _aSHM
245 _aBEHAVIOR
_cDRICKAMER
942 _2udc
_cBK
999 _c7692
_d7692